|
|
|
|
| LEADER |
00000cam a2200000 7i4500 |
| 001 |
0000046072 |
| 005 |
20151222.0 |
| 008 |
150308 |
| 020 |
|
|
|a 9670638249
|
| 020 |
|
|
|a 9789670638249
|
| 090 |
0 |
0 |
|a JF CRA
|b MAL
|
| 245 |
0 |
0 |
|a Buku memasak tuan puteri :
|b Resepi mudah untuk kanak-kanak
|c Translator: Ahmad Zainuri Loap Ahmad
|
| 260 |
|
|
|a Malaysia :
|b NUA ,
|c 2015
|
| 300 |
|
|
|a 24 pg. ;
|c 26.5 cm.
|
| 500 |
|
|
|a Children ages 10-12 years old (pink)
|
| 650 |
|
0 |
|a Craft
|x Children
|x Malay
|
| 650 |
|
0 |
|a Craft
|x Cookery
|
| 700 |
1 |
|
|a Ahmad Zainuri Loap Ahmad (Translator)
|
| 710 |
1 |
|
|a Alkem Company (s) Pte. Ltd.
|
| 710 |
1 |
|
|a NCDRC
|
| 710 |
1 |
|
|a UPSI
|
| 999 |
|
|
|a 0001345993
|b Book
|c Children Collection
|e Cawangan Taman Universiti
|
| 999 |
|
|
|a 0001345994
|b Book
|c Children Collection
|e Cawangan Bukit Gambir
|
| 999 |
|
|
|a 0001345995
|b Book
|c Children Collection
|e Cawangan Sri Merlong
|
| 999 |
|
|
|a 0001345996
|b Book
|c Children Collection
|e Cawangan Segamat
|
| 999 |
|
|
|a 0001345997
|b Book
|c Children Collection
|e Cawangan Muar
|
| 999 |
|
|
|a 0001345998
|b Book
|c Children Collection
|e Cawangan Bandar Tenggara
|
| 999 |
|
|
|a 0001345999
|b Book
|c Children Collection
|e Cawangan Bandar Penawar
|
| 999 |
|
|
|a 0001346000
|b Book
|c Children Collection
|e Cawangan Kota Tinggi
|
| 999 |
|
|
|a 0001346001
|b Book
|c Children Collection
|e Cawangan Pontian
|
| 999 |
|
|
|a 0001346002
|b Book
|c Children Collection
|e Cawangan Batu Pahat
|
| 999 |
|
|
|a 0001346003
|b Book
|c Children Collection
|e Cawangan Taman Sri Lambak
|
| 999 |
|
|
|a 0001346005
|b Book
|c Children Collection
|e Cawangan Tmn. Ungku Tun Aminah
|
| 999 |
|
|
|a 0001346006
|b Book
|c Children Collection
|e Cawangan Mersing
|
| 999 |
|
|
|a 0001347273
|b Book
|c Children Collection
|e Cawangan AEON Kulaijaya
|
| 999 |
|
|
|a 001345994
|b Book
|c Children Collection
|e Cawangan Bukit Gambir
|